LEADER 00818nam a2200229 i 4500 001 000000147710 003 CaOOAMICUS 005 20060210000000.0 008 060210s1968 fr u000 u fre u 013 $a124979 040 $aSeMil$bita 245 10$a1. [Madame de Stael]. 300 $a382 p. 490 0 $aGF ;$v166 500 $aContiene : Note bibliographique. - Fondo Ciprandi. 773 0 $aStaėl-Holstein, Anne Louise Germaine $tDe l'Allemagne.$dParis : Garnier Flammarion, 1968.$g1$w()15363 830 0$aGF ;$v166.$0(OLS)http://semarc/title/20374 850 $aSeMil 852 $aSeMil$W1$xVenegono$y1$m1W I 245$j100246$B100246$CSeMilBibl$Z2$F108862 $81 941 1 $a1 961 $aOmaggio: Ciprandi dott. Paolo 996 $6245$a1. [Madame de Stael]$9(OLS)http://semarc/title/215964 LEADER 00848nam a2200205 4500 001 000000353961 003 CaOOAMICUS 005 20230524110810.0 008 230524s2019 it 000 u ita r 040 $aSeMil$bita 245 00$a[2: Chiesa e societą di massa (1932-1942)]. 264 1$aRoma :$bStudium,$c2019. 300 $aXI, 312 p. :$bill. ;$c25 cm 773 0 $aPersico, Alessandro Angelo <1980- >$tConsul Dei.$dRoma : Studium, 2019.$z978-88-382-4870-2$g2$w()353958 850 $aSeMil 852 $aSeMil$W1$xVenegono$y1$m3F V 759$j242631$B245172$CSeMilBibl$Z2$F245172 $81 961 $aArchivio storico del Seminario di Milano - Omaggio 996 $6245$a[2: Chiesa e societą di massa (1932-1942)]$9(OLS)http://semarc/title/444105 996 $6264$aRoma :$bStudium$9(OLS)http://semarc/publisher/29617